• 首页
  • 本馆介绍
  • 公告通知
  • 最新文献
  • 馆藏检索
  • 电子资源
  • 读者导购
  • 参考咨询
  • 我的图书馆
  • 登录
  • 详细信息显示
  • 放入我的书架
  • 预约/预借图书
  • 作者相关作品
  • 分类相关作品
  • 丛书相关作品
  • 出版社相关作品

书目信息

  • 表格格式
  • 工作单格式
  • 卡片格式
题名:
目标导向的写作教学有效实施与评价
    
 
作者: 白花丽 著
分册:  
出版信息: 北京   九州出版社  2022.01
页数: 204页
开本: 24cm
丛书名: 九州文库
单 册:
中图分类: G633.342
科图分类:
主题词: 作文课--教学研究--初中
电子资源:
ISBN: 978-7-5225-0586-2
000 00967nam0 2200253 450
001 012001001981
005 20141203100933.0
010    @a978-7-5225-0586-2@b精装@dCNY85.00
100    @a20220905d2022 em y0chiy0110 ea
101 0  @achi
102    @aCN@b110000
105    @ay z 000yy
106    @ar
200 1  @a目标导向的写作教学有效实施与评价@Amu biao dao xiang de xie zuo jiao xue you xiao shi shi yu ping jia@f白花丽著
210    @a北京@c九州出版社@d2022.01
215    @a204页@d24cm
225 1  @a九州文库
300    @a滨州学院学科强基筑峰工程经费资助
330    @a本书共六章,内容包括:目标导向的写作教学概述、不同文体的写作教学目标梯度及系统化设计、写作教学目标的教材定位与主动调节、写作教学过程的目标引领与前后衔接、写作教学评价的目标为重与适当兼顾、目标导向的读写一体化教学。
606 0  @a作文课@x教学研究@x初中
690    @aG633.342@v5
701  0 @a白花丽@Abai hua li@4著
801  0 @aCN@bAHXH@c20221111
905    @b1371984-8@dG633.342@e1048@f5
    
    目标导向的写作教学有效实施与评价/白花丽著.-北京:九州出版社,2022.01
    204页;24cm.-(九州文库)
    滨州学院学科强基筑峰工程经费资助
    
    ISBN 978-7-5225-0586-2(精装):CNY85.00
    本书共六章,内容包括:目标导向的写作教学概述、不同文体的写作教学目标梯度及系统化设计、写作教学目标的教材定位与主动调节、写作教学过程的目标引领与前后衔接、写作教学评价的目标为重与适当兼顾、目标导向的读写一体化教学。
●
相关链接 在E读中查询图书 在五车中查询图书 在当当中查询图书 在豆瓣中查询图书


正题名:目标导向的写作教学有效实施与评价     索取号:G633.342/1048         预约/预借

序号 登录号 条形码 馆藏地/架位号 状态 备注
1 1371984   213719840   第一样本阅览室/ [索取号:G633.342/1048] 在馆    
2 1371985   213719859   教育系资料室/ [索取号:G633.342/1048] 在馆    
3 1371986   213719868   教育系资料室/ [索取号:G633.342/1048] 在馆    
4 1371987   213719877   第四借阅区/ [索取号:G633.342/1048] 在馆    
5 1371988   213719886   第四借阅区/ [索取号:G633.342/1048] 在馆    
唐山师范学院图书馆 欢迎您!
大连网信软件有限公司© 版权所有